000 00444nam a2200157Ia 4500
008 160316s1981 xxu||||| |||| 00| 0 eng d
082 _a294.592500
_bSHA-XX
100 _aShastri J L
245 _aAncient Indian tradition and mythology. Vol.XX : The Karma Purana
250 _a
260 _aDelhi
_bMotilal Banarasidass
_c1981
300 _a336p
_b20 cm
_c
365 _bRs.200/-
650 _a1.Indian Mythology - Karma Purana
700 _a
_a
999 _c5572
_d5572